000
00198 a2200097 4500
001
11202
100
_a
Kurtine, N.
245
_a
Face to Face
260
_a
_b
Ramparts Press
_c
090
_c
8755
_d
8755
942
_a
NUST-CAE
_c
M
_c
35550
999
_c
246275
_d
246275